Movies Quiz

Random Movies or Letter Quiz

Actor & Actress Anagrams Quiz Stats

 Plays Quiz Updated Oct 29, 2019

     
Support Sporcle.
Go Orange.
Score 0/14 Timer 07:00
2 Plays Today
Anagram Name % Correct
I'll be SternBen Stiller
77.1%
Baffle NeckBen Affleck
72.3%
Pain ColaAl Pacino
69.9%
GermanyMeg Ryan
69.6%
Big MelonsMel Gibson
69%
Draw HonorRon Howard
63.9%
Merry WardrobeDrew Barrymore
62.8%
Anagram Name % Correct
Old West actionClint Eastwood
54.1%
My Rice JarJim Carrey
53.8%
Lengthy Part WowGwyneth Paltrow
46.2%
Nice VowelClive Owen
39.5%
Tavern ItemsSteve Martin
36.5%
Battered Hick WormMatthew Broderick
25.5%
Batch TentacleCate Blanchett
25.5%

From the Vault

Pac-12

by D_I

Sports 5m
These 12 teams really pack a punch.
Remove Ads.
Support Sporcle.
Get the best of Sporcle when you Go Orange. This ad-free experience offers more features, more stats, and more fun while also helping to support Sporcle. Thank you for becoming a member.

Show Comments

Extras

Top Quizzes Today


Score Distribution

Your Account Isn't Verified!

In order to create a playlist on Sporcle, you need to verify the email address you used during registration. Go to your Sporcle Settings to finish the process.

Report this User

Report this user for behavior that violates our Community Guidelines.

Details: